LEADER 01704nam1 2200421 i 450 001 RMS1935008 005 20251003044346.0 100 $a20080303g2007 ||||0itac50 ba 101 | $aita 102 $ait 181 1$6z01$ai $bxxxe 182 1$6z01$an 200 1 $aˆLa ‰progettazione urbana$f Paolo Colarossi e Antonio Pietro Latini 210 $aMilano$cIl sole-24 ore 215 $a v.$d24 cm. 225 | $aGestione del territorio 410 0$1001RER0065537$12001 $aGestione del territorio 463 1$1001RMS1935066$12001 $aˆ1: ‰Principi e storie$fPaolo Colarossi e Antonio Pietro Latini$v1 463 1$1001RMS1935087$12001 $aˆ2: ‰Metodi e materiali $v2 463 1$1001RMS1935092$12001 $aˆ3: ‰Declinazioni e strumenti$v3 606 $aPianificazione territoriale$2FIR$3CFIC018462$9E 606 $aPianificazione urbanistica$2FIR$3CFIC004243$9E 676 $a711$9URBANISTICA (PIANIFICAZIONE TERRITORIALE)$v14 676 $a711.0945$9URBANISTICA (PIANIFICAZIONE TERRITORIALE). Italia$v21 676 $a711.4$9Pianificazione a livello locale (Pianificazione urbana)$v22 696 $aPianificazione urbana 699 $aPianificazione urbanistica$yPianificazione urbana 700 1$aColarossi$b, Paolo$3RMLV014381$4070$034850 701 1$aLatini$b, Antonio Pietro$3VEAV039500$4070$034951 801 3$aIT$bIT-000000$c20080303 850 $aIT-BN0095 901 $bNAP 01$cSALA DING $n$ 912 $aRMS1935008 950 1$aBiblioteca Centralizzata di Ateneo$cv. 1 in tre copie v. 2-3 in due copie$d 01SALA DING 711 PROU 967 $m3 977 $a 01 996 $aProgettazione urbana$91574950 997 $aUNISANNIO